| 000 | 00464nam a2200181Ia 4500 | ||
|---|---|---|---|
| 001 | 20230 | ||
| 005 | 20260306172751.0 | ||
| 008 | 260306t2012||||xx |||||||||||||| ||spa|| | ||
| 041 | _aESP | ||
| 082 |
_a343 _bR78 |
||
| 100 |
_aRojas Bernal, José Miguel _eAUT |
||
| 245 | 0 | _aMedidas cautelares y ejecución de sentencias constitucionales | |
| 260 | _c2012 | ||
| 300 |
_a254 páginas : _c24 cm. |
||
| 650 | _aGEN | ||
| 654 | _aCDE | ||
| 942 |
_cLIB _dJUS _fJUS _2ddc _n |
||
| 999 |
_c20230 _d20230 |
||